[Event "Tourn. n7924"]
[Site "www.chess-mail.com"]
[Date "2015.01.22"]
[Round "1"]
[White "Attatroll"]
[Black "Oxycontin"]
[WhiteElo "2020"]
[BlackElo "2030"]
[Result "1-0"]
[Round "1"]
1.e4 Ng8f6
2.e5 Nf6d5
3.Ng1f3 d6
4.Bf1c4 c6
5.O-O g6
6.d4 Bf8g7
7.c3 O-O
8.Bc1g5 dxe5
9.dxe5 Bc8e6
10.Nb1d2 Rf8e8
11.Bc4b3 Qd8c7
12.Nd2c4 Nb8d7
13.Rf1e1 Nd7b6
14.Qd1d2 Ra8d8
15.Qd2e2 Be6g4
16.h3 Bg4xf3
17.Qe2xf3 Nb6xc4
18.Bb3xc4 Bg7xe5
19.Ra1d1 Be5f6
20.Bc4xd5 cxd5
21.Bg5xf6 exf6
22.Re1xe8 Rd8xe8
23.Qf3xd5 Kg7
24.g3 Re8e2
25.Rd1d2 Re2xd2
26.Qd5xd2 Qc7e7
27.Kf1 Qe7e6
28.Kg2 Qe6xa2
29.h4 Qa2e6
30.Qd2d4 Qe6b6
31.Qd4xb6 axb6
32.Kf3 Kf8
33.Ke4 Ke7
34.Kf4 Kd6
35.b3 b5
36.Ke4 Kc5
37.g4 b6
38.f4 h6
39.h5 b4
40.c4 b5
41.cxb5 Kxb5
42.Kd5 f5
43.g5 { resign }
1-0

[Event "Tourn. n8023"]
[Site "www.chess-mail.com"]
[Date "2015.01.22"]
[Round "1"]
[White "Maredocla"]
[Black "Difficult"]
[WhiteElo "2030"]
[BlackElo "2020"]
[Result "1/2-1/2"]
[Round "1"]
1.f4 Ng8f6
2.Ng1f3 d6
3.b3 g6
4.Bc1b2 Bf8g7
5.e3 O-O
6.h3 c5
7.Bf1d3 Nb8c6
8.a3 a6
9.Nb1c3 b5
10.O-O Bc8b7
11.Nc3e2 Qd8c7
12.Ra1b1 d5
13.c3 c4
14.Bd3c2 e6
15.b4 a5
16.Nf3d4 Nc6xd4
17.cxd4 axb4
18.axb4 Ra8a2
19.Bb2c3 Nf6d7
{ draw }
1/2-1/2

[Event "Tourn. n7957"]
[Site "www.chess-mail.com"]
[Date "2015.01.22"]
[Round "1"]
[White "Bojan"]
[Black "Difficult"]
[WhiteElo "1900"]
[BlackElo "1880"]
[Result "0-1"]
[Round "1"]
1.c4 f5
2.b4 Ng8f6
3.Bc1b2 e6
4.a3 d5
5.c5 a5
6.Ng1f3 axb4
7.axb4 Ra8xa1
8.Bb2xa1 Bf8e7
9.h3 O-O
10.Nf3e5 c6
11.e3 Nb8d7
12.Bf1d3 Nd7xe5
13.Ba1xe5 Nf6e4
14.Nb1c3 Be7f6
15.Be5xf6 Qd8xf6
16.Nc3a4 g5
17.Na4b6 Qf6e7
18.Bd3c2 Qe7g7
19.d3 Ne4f6
20.Kf1 Nf6d7
21.Nb6xc8 Rf8xc8
22.d4 Rc8a8
23.g3 Nd7f6
24.f3 Qg7c7
25.Kf2 Nf6h5
26.Rh1g1 Nh5g7
27.Qd1d3 Qc7e7
28.g4 Ra8f8
29.Rg1a1 h5
30.Ra1a7 hxg4
31.hxg4 Rf8f7
32.Kg2 Qe7d7
33.Bc2a4 Qd7c8
34.Qd3a3 fxg4
35.fxg4 e5
36.Ba4c2 Qc8xg4
{ resign }
0-1

[Event "Tourn. n7844"]
[Site "www.chess-mail.com"]
[Date "2015.01.22"]
[Round "1"]
[White "Guidom"]
[Black "Alvarin111"]
[WhiteElo "2090"]
[BlackElo "2100"]
[Result "1-0"]
[Round "1"]
1.e4 e6
2.d4 Ng8f6
3.Nb1c3 d5
4.Bc1g5 dxe4
5.Nc3xe4 Bf8e7
6.Bg5xf6 Be7xf6
7.Ne4xf6 Qd8xf6
8.Ng1f3 Nb8c6
9.c3 O-O
10.Bf1d3 e5
11.d5 Nc6e7
12.c4 Bc8f5
13.Bd3xf5 Ne7xf5
14.O-O e4
15.Nf3d2 Qf6e7
16.Rf1e1 e3
17.fxe3 Nf5xe3
18.Qd1e2 Ra8e8
19.Qe2f3 Qe7c5
20.Kh1 Ne3c2
21.Re1xe8 Rf8xe8
22.Ra1f1 f6
23.b3 Qc5d4
24.Qf3d1 Nc2e3
25.Qd1h5 g6
26.Qh5e2 f5
27.Nd2f3 Qd4g4
28.h3 Qg4h5
29.Rf1e1 f4
30.Qe2f2 g5
31.Nf3h2 Kf7
32.Qf2f3 Qh5h4
33.Re1e2 h5
34.c5 Qh4g3
35.Qf3xh5 Ke7
36.Nh2g4 Kd8
37.Qh5xg5 Kc8
38.Qg5h5 Re8d8
39.Ng4xe3 fxe3
40.Qh5f5 Kb8
41.c6 Rd8g8
42.Qf5e4 Rg8f8
43.Qe4b1 Rf8f2
44.Re2xf2 Qg3xf2
45.Qb1e4 Qf2f7
46.Qe4xe3 bxc6
47.dxc6 Qf7g6
48.Qe3c3 Qg6e8
49.Qc3b4 { resign }
1-0

[Event "Tourn. n7759"]
[Site "www.chess-mail.com"]
[Date "2015.01.22"]
[Round "1"]
[White "Pgcbies"]
[Black "Madz123456"]
[WhiteElo "2780"]
[BlackElo "2320"]
[Result "1-0"]
[Round "1"]
1.e4 Ng8f6
2.e5 Nf6d5
3.d4 d6
4.Ng1f3 g6
5.Bf1c4 Nd5b6
6.Bc4b3 Bf8g7
7.a4 a5
8.O-O O-O
9.Rf1e1 Nb8c6
10.exd6 exd6
11.Bc1g5 Bg7f6
12.Bg5h6 Rf8e8
13.Re1xe8 Qd8xe8
14.h3 Nc6b4
15.Nb1c3 d5
16.Nc3e2 Qe8e7
17.c3 Nb4c6
18.Ne2f4 Qe7d6
19.Nf4d3 Nc6d8
20.Qd1e2 Nd8e6
21.Nf3e5 Bf6g7
22.Bh6xg7 Kxg7
23.Qe2e3 Bc8d7
24.Nd3c5 Bd7c6
25.Ne5g4 Ne6f4
26.g3 h5
27.Qe3xf4 Qd6xf4
28.gxf4 hxg4
29.hxg4 Ra8e8
30.Bb3d1 Nb6c4
31.Nc5d3 f6
32.b3 Nc4d2
33.Kg2 b6
34.b4 Kf7
35.Ra1a2 Nd2c4
36.Bd1f3 Nc4d6
37.g5 Re8h8
38.bxa5 bxa5
39.gxf6 Kxf6
40.Nd3e5 Nd6f5
41.Ne5xc6 Nf5h4
42.Kf1 Nh4xf3
43.Nc6xa5 Kf5
44.Na5c6  { time }
1-0

[Event "Tourn. n7971"]
[Site "www.chess-mail.com"]
[Date "2015.01.22"]
[Round "1"]
[White "Wings"]
[Black "Rons"]
[WhiteElo "2520"]
[BlackElo "2500"]
[Result "0-1"]
[Round "1"]
1.e4 c5
2.c3 Ng8f6
3.e5 Nf6d5
4.d4 cxd4
5.Ng1f3 Nb8c6
6.Bf1c4 Nd5b6
7.Bc4b3 d5
8.exd6 Qd8xd6
9.Nb1a3 dxc3
10.Qd1xd6 exd6
11.Na3b5 Ra8b8
12.bxc3 Bc8e6
13.Bc1f4 Rb8d8
14.O-O Be6xb3
15.axb3 a6
16.Rf1e1 Kd7
17.Nb5d4 Nc6xd4
18.Nf3xd4 Nb6d5
19.Bf4d2 g6
{ resign }
0-1

[Event "Tourn. n7836"]
[Site "www.chess-mail.com"]
[Date "2015.01.22"]
[Round "1"]
[White "Madz123456"]
[Black "Jose"]
[WhiteElo "2420"]
[BlackElo "2620"]
[Result "0-1"]
[Round "1"]
1.e4 e6
2.d4 d5
3.Nb1d2 Ng8f6
4.e5 Nf6d7
5.f4 c5
6.c3 Nb8c6
7.Nd2f3 Qd8b6
8.g3 cxd4
9.cxd4 Bf8e7
10.Bf1h3 O-O
11.Ng1e2 Rf8d8
12.O-O Nd7f8
13.Rf1f2 Bc8d7
14.Ne2c3 Ra8c8
15.f5 exf5
16.Nc3xd5 Qb6a5
17.Nd5xe7 Nc6xe7
18.Bc1g5 Rd8e8
19.Qd1d3 Bd7b5
20.Qd3d2 Qa5xd2
21.Rf2xd2 Bb5d7
22.Bg5xe7 Re8xe7
23.Nf3h4 g6
24.Nh4f3 h6
25.Ra1f1 Nf8e6
26.Bh3g2 Re7e8
 { time }
0-1

[Event "Tourn. n7923"]
[Site "www.chess-mail.com"]
[Date "2015.01.22"]
[Round "1"]
[White "Udo40"]
[Black "Neo"]
[WhiteElo "1750"]
[BlackElo "1760"]
[Result "1-0"]
[Round "1"]
1.e4 e5
2.Ng1f3 Nb8c6
3.Bf1c4 Ng8f6
4.Nf3g5 Qd8e7
5.Ng5xf7 Rh8g8
6.Nf7g5 Rg8h8
7.O-O d6
8.h3 h6
9.Ng5f3 Nf6xe4
10.Bc4d5 Ne4f6
11.Bd5b3 Bc8d7
12.d3 O-O-O
13.Bc1e3 Kb8
14.d4 g5
15.d5 Nc6b4
16.a3 Nb4a6
17.Nb1d2 Na6c5
18.Bb3c4 a6
19.Rf1e1 Bf8g7
20.c3 Nc5d3
21.Bc4xd3 Nf6xd5
22.Nd2c4 Bd7b5
23.Nc4a5 Bb5xd3
24.Qd1xd3 Nd5b6
25.Be3xb6 cxb6
26.Na5c4 b5
27.Nc4b6 Qe7c7
28.Nb6d5 Qc7d7
29.Nd5b4 Rh8e8
30.Qd3d5 Bg7f6
31.Ra1d1 Qd7e7
32.Nf3d2 Rd8d7
33.Nd2f3 h5
34.Nf3d4 Qe7f8
35.Nd4f5 g4
36.h4 Bf6g7
37.Nf5xd6 Rd7xd6
38.Qd5xd6 Qf8xd6
39.Rd1xd6 e4
40.g3 Bg7h6
41.Rd6xh6 Re8e5
42.Kf1 e3
43.Re1xe3 Re5f5
44.Nb4xa6 bxa6
45.Re3e8 Kc7
46.Re8e7 Kd8
47.Re7h7 Rf5f8
48.Rh7h8 Rf8xh8
49.Rh6xh8 Ke7
50.Rh8xh5 Kf6
51.Rh5g5 Ke6
52.Rg5xg4 Kd5
53.h5 { resign }
1-0

[Event "Tourn. n7977"]
[Site "www.chess-mail.com"]
[Date "2015.01.22"]
[Round "1"]
[White "Vite"]
[Black "Cardiff"]
[WhiteElo "2000"]
[BlackElo "2110"]
[Result "1/2-1/2"]
[Round "1"]
1.d4 d5
2.c4 e6
3.Nb1c3 Ng8f6
4.Bc1g5 Bf8e7
5.e3 O-O
6.Ng1f3 c6
7.Bf1d3 Nb8d7
8.O-O dxc4
9.Bd3xc4 b5
10.Bc4b3 Bc8b7
11.Ra1c1 a6
12.Bb3c2 c5
13.dxc5 Nd7xc5
14.Nf3e5 Qd8xd1
15.Rf1xd1 Rf8d8
16.Rd1xd8 Ra8xd8
17.Rc1d1 Rd8xd1
18.Nc3xd1 h6
19.Bg5h4 g5
20.Bh4g3 Nf6e4
21.Kf1 Ne4xg3
22.hxg3 Bb7d5
23.a3 Nc5e4
24.Ke2 Be7f6
25.Ne5d3 Bd5c4
26.b3 Bc4d5
27.a4 Bd5c6
28.axb5 { draw }
1/2-1/2

[Event "Tourn. n7968"]
[Site "www.chess-mail.com"]
[Date "2015.01.22"]
[Round "1"]
[White "Caspito"]
[Black "Difficult"]
[WhiteElo "1850"]
[BlackElo "1880"]
[Result "0-1"]
[Round "1"]
1.e4 e6
2.d4 d5
3.e5 c5
4.Bf1b5 Bc8d7
5.a4 a6
6.Bb5xd7 Nb8xd7
7.Ng1f3 cxd4
8.Qd1xd4 Bf8c5
9.Qd4f4 h6
10.b4 Bc5e7
11.O-O Qd8c7
12.Nb1a3 g5
13.Qf4d4 Ra8c8
14.Bc1b2 Qc7b6
15.Qd4xb6 Nd7xb6
16.b5 Be7xa3
17.Bb2xa3 Ng8e7
18.bxa6 bxa6
19.Ba3xe7 Kxe7
20.Ra1a2 Nb6c4
21.Nf3d4 Nc4xe5
22.Rf1e1 Kd6
23.h3 Rc8c4
24.Re1d1 Rh8b8
25.Kh2 Rb8b4
26.Nd4f3 Ne5xf3
27.gxf3 Rb4xa4
28.Ra2xa4 Rc4xa4
29.Kg3 Ra4c4
30.Rd1d2 a5
31.Rd2d3 Rc4xc2
32.Rd3a3 Rc2c5
33.f4 f6
34.Kg4 d4
35.Ra3a4 d3
{ resign }
0-1

[Event "Tourn. n7785"]
[Site "www.chess-mail.com"]
[Date "2015.01.22"]
[Round "1"]
[White "Pepi2"]
[Black "Capitaine"]
[WhiteElo "2370"]
[BlackElo "2300"]
[Result "0-1"]
[Round "1"]
1.d4 Ng8f6
2.c4 c5
3.d5 b5
4.cxb5 a6
5.bxa6 Bc8xa6
6.Nb1c3 d6
7.Ng1f3 g6
8.g3 Bf8g7
9.Bf1g2 O-O
10.O-O Nb8d7
11.Qd1c2 Ba6c4
12.Rf1d1 Nd7b6
13.e4 Ra8a7
14.a4 Qd8a8
15.Ra1b1 Nb6d7
16.b3 Bc4a6
17.h3 Rf8b8
18.Bg2f1 Ba6xf1
19.Kxf1 Rb8b4
20.Nf3d2 Ra7b7
21.Kg2 Nf6e8
22.Bc1a3 Rb4b6
23.f4 Ne8c7
24.Nd2c4 Rb6a6
25.Nc3e2 Nd7b6
26.Nc4e3 Rb7b8
27.Kh2 Qa8b7
28.Qc2d2 Nb6d7
29.Ne3c4 Qb7a8
30.a5 Ra6a7
31.Qd2c2 Ra7b7
32.Rd1d3 Nc7a6
 { time }
0-1

[Event "Tourn. n7969"]
[Site "www.chess-mail.com"]
[Date "2015.01.22"]
[Round "1"]
[White "Osopanda"]
[Black "Vite"]
[WhiteElo "2020"]
[BlackElo "2000"]
[Result "1-0"]
[Round "1"]
1.c4 Ng8f6
2.d4 g6
3.Nb1c3 Bf8g7
4.e4 d6
5.f4 O-O
6.Ng1f3 Nb8d7
7.Bf1e2 b6
8.e5 dxe5
9.fxe5 Nf6e8
10.O-O Bc8b7
11.Bc1f4 e6
12.Be2d3 c5
13.d5 exd5
14.cxd5 Ne8c7
15.Bd3e4 Rf8e8
16.Rf1e1 Nd7xe5
17.d6 Ne5xf3
18.Qd1xf3 Bb7xe4
19.Nc3xe4 Nc7d5
20.Bf4g5 Qd8d7
21.Ra1d1 Nd5b4
22.Bg5f6 Nb4xa2
23.Bf6xg7 Kxg7
24.Qf3f6 Kg8
25.Qf6h4 Re8xe4
26.Re1xe4 Ra8e8
27.Re4xe8 Qd7xe8
28.Qh4e7 { resign }
1-0

[Event "Tourn. n7836"]
[Site "www.chess-mail.com"]
[Date "2015.01.22"]
[Round "1"]
[White "Merlino23"]
[Black "Madz123456"]
[WhiteElo "2580"]
[BlackElo "2420"]
[Result "1-0"]
[Round "1"]
1.d4 Ng8f6
2.c4 e6
3.Nb1c3 c5
4.d5 exd5
5.cxd5 d6
6.e4 g6
7.f4 Bf8g7
8.Ng1f3 O-O
9.Bf1e2 Bc8g4
10.O-O Nb8d7
11.h3 Bg4xf3
12.Be2xf3 Rf8e8
13.Rf1e1 a6
14.Bc1e3 b5
15.Be3f2 Ra8c8
16.Bf2g3 b4
17.Nc3a4 Nf6h5
18.Bf3xh5  { time }
1-0

[Event "Tourn. n7964"]
[Site "www.chess-mail.com"]
[Date "2015.01.22"]
[Round "1"]
[White "Iko"]
[Black "A27l"]
[WhiteElo "1460"]
[BlackElo "1250"]
[Result "1-0"]
[Round "1"]
1.e4 e5
2.Ng1f3 d6
3.d4 Bf8e7
4.d5 h6
5.h4 Ng8f6
6.Bf1b5 c6
7.dxc6 bxc6
8.Bb5a4 O-O
9.b3 Nf6h7
10.h5 Bc8d7
11.Bc1e3  { time }
1-0

[Event "Tourn. n8028"]
[Site "www.chess-mail.com"]
[Date "2015.01.22"]
[Round "1"]
[White "Difficult"]
[Black "Luban"]
[WhiteElo "2020"]
[BlackElo "2090"]
[Result "1/2-1/2"]
[Round "1"]
1.d4 d5
2.Nb1c3 e6
3.e4 dxe4
4.Nc3xe4 Ng8f6
5.Bc1g5 Bf8e7
6.Bg5xf6 Be7xf6
7.Ng1f3 O-O
8.c3 b6
9.Bf1d3 Bc8b7
10.O-O Nb8d7
11.Qd1e2 Bf6e7
12.Bd3a6 Bb7xa6
13.Qe2xa6 c5
14.dxc5 Nd7xc5
15.Ne4xc5 Be7xc5
16.Ra1d1 Qd8c7
17.Qa6e2 Ra8d8
18.Rd1xd8 Rf8xd8
19.Rf1d1 Rd8xd1
20.Qe2xd1 { draw }
1/2-1/2

[Event "Tourn. n7874"]
[Site "www.chess-mail.com"]
[Date "2015.01.22"]
[Round "1"]
[White "Obisporey"]
[Black "Thurgau"]
[WhiteElo "2410"]
[BlackElo "2700"]
[Result "0-1"]
[Round "1"]
1.e4 c5
2.Ng1f3 d6
3.d4 cxd4
4.Nf3xd4 Ng8f6
5.Nb1c3 a6
6.h3 e6
7.g4 h6
8.Bf1g2 Bf8e7
9.Bc1e3 Bc8d7
10.f4 Nb8c6
11.Qd1e2 Qd8c7
12.Qe2f2 O-O
13.O-O-O b5
14.Nd4b3 b4
15.Nc3a4 Ra8b8
16.Kb1 e5
17.g5 hxg5
18.fxg5 Nf6e8
19.Na4b6 Be7xg5
20.Be3xg5 Qc7xb6
21.Qf2xb6 Rb8xb6
22.h4 Bd7g4
23.Rd1g1 a5
24.h5 f6
25.Bg5e3 Rb6b8
26.Nb3d2 Rf8f7
27.h6 g5
28.Bg2f1 Bg4e6
29.Bf1c4 Ne8c7
30.Bc4xe6 Nc7xe6
31.Nd2c4 Rf7d7
32.Rg1d1 Nc6d4
33.Nc4xa5 Kh7
34.Rh1f1 Kg6
35.Rd1d2 Rb8c8
36.Rd2f2 Rd7f7
37.Na5b3 Nd4xb3
38.cxb3 Ne6f4
39.Rf2d2 Rf7d7
40.Rf1d1 d5
41.exd5 Kxh6
42.d6 Kg6
43.Rd2c2 Rc8d8
44.Be3c5 e4
45.Bc5xb4 Nf4d3
46.Bb4a5 Rd8h8
47.Ba5c7 f5
48.Rc2c4 Rh8e8
49.Kc2 f4
50.Rc4xe4 Re8xe4
51.Kxd3 Re4e5
52.Kd4 Kf5
53.b4 f3
54.Rd1h1 g4
55.Rh1h8 Re5e2
56.Rh8f8 Ke6
57.Kd3 Re2xb2
58.Ke3 Rb2xb4
59.Rf8e8 Kd5
60.Re8f8 Rb4e4
{ resign }
0-1

[Event "Tourn. n7983"]
[Site "www.chess-mail.com"]
[Date "2015.01.22"]
[Round "1"]
[White "Luban"]
[Black "Osopanda"]
[WhiteElo "2080"]
[BlackElo "1980"]
[Result "0-1"]
[Round "1"]
1.d4 Ng8f6
2.c4 g6
3.e3 Bf8g7
4.Nb1c3 c5
5.h3 cxd4
6.exd4 d6
7.Ng1f3 O-O
8.Bf1d3 Nb8c6
9.a3 a6
10.Bc1e3 e5
11.dxe5 dxe5
12.Qd1c2 Nc6d4
13.Be3xd4 exd4
14.Nc3e4 Rf8e8
15.O-O Nf6xe4
16.Bd3xe4 Bc8e6
17.Rf1e1 Ra8c8
18.Be4d3 b5
19.c5 Be6d5
20.Re1xe8 Qd8xe8
21.Ra1e1 Qe8c6
22.Bd3e4 Bd5xe4
23.Re1xe4 Qc6d5
24.Qc2e2 d3
25.Re4e8 Rc8xe8
26.Qe2xe8 Bg7f8
27.b4 d2
28.Nf3xd2 Qd5xd2
29.c6 Qd2c1
30.Kh2 Qc1f4
31.Kg1 Kg7
32.Qe8a8 Bf8d6
33.g3 Qf4c1
34.Kg2 Qc1xa3
{ resign }
0-1

[Event "Match"]
[Site "www.echecsemail.com"]
[Date "2015.01.22"]
[Round "1"]
[White "Paco6"]
[Black "Germancho95"]
[WhiteElo "1540"]
[BlackElo "1620"]
[Result "1-0"]
[Round "1"]
1.e4 Ng8f6
2.Nb1c3 e5
3.Ng1f3 c6
4.Nf3xe5 Qd8e7
5.d4 d5
6.exd5 Bc8g4
7.Bf1e2 Nb8d7
8.Ne5xg4 Nf6xg4
9.O-O h5
10.Rf1e1 g6
11.Be2xg4 Bf8g7
12.Re1xe7 { resign }
1-0

[Event "Match"]
[Site "www.echecsemail.com"]
[Date "2015.01.22"]
[Round "1"]
[White "Georgepapi"]
[Black "Caspito"]
[WhiteElo "1900"]
[BlackElo "1870"]
[Result "1-0"]
[Round "1"]
1.e4 e5
2.Ng1f3 Nb8c6
3.Bf1c4 h6
4.d4 Qd8f6
5.O-O d6
6.Bc1e3 Nc6a5
7.Nb1d2 Bc8g4
8.Bc4b3 Qf6g6
9.dxe5 dxe5
10.Qd1e2 Na5c6
11.Qe2b5 O-O-O
12.Bb3d5 Bg4h3
13.Nf3h4 Qg6g4
14.Bd5xc6 bxc6
15.Qb5a6 Kd7
16.Rf1d1 Ke7
17.Be3c5 Ke6
18.Bc5xf8 Rd8xf8
19.Qa6xc6 Ke7
20.Qc6xc7 Kf6
21.Qc7d6 { resign }
1-0

[Event "Match"]
[Site "www.echecsemail.com"]
[Date "2015.01.22"]
[Round "1"]
[White "Germancho95"]
[Black "Paco6"]
[WhiteElo "1620"]
[BlackElo "1540"]
[Result "0-1"]
[Round "1"]
1.e4 e5
2.Ng1f3 Nb8c6
3.Bf1b5 Ng8f6
4.O-O Bf8c5
5.c3 Nf6xe4
6.Rf1e1 Bc5xf2
7.Kh1 Bf2xe1
8.Qd1xe1 d5
9.d3 Ne4d6
10.Bb5a4 O-O
11.d4 e4
12.Nf3e5 Nc6xe5
13.dxe5 Nd6f5
14.Bc1f4 Bc8d7
{ resign }
0-1

[Event "Match"]
[Site "www.echecsemail.com"]
[Date "2015.01.22"]
[Round "1"]
[White "Lautreamont"]
[Black "Paco"]
[WhiteElo "1499"]
[BlackElo "1880"]
[Result "1-0"]
[Round "1"]
1.e4 e5
2.f4 exf4
3.Ng1f3 Nb8c6
4.d4 d5
5.exd5 Qd8xd5
6.Nb1c3 Qd5f5
7.Bf1d3 Qf5g4
8.O-O Ng8f6
9.Rf1e1 Bf8e7
10.d5 Nc6b4
11.Bd3c4 O-O
12.Re1xe7 c6
13.d6 b5
14.Bc4xf7 Rf8xf7
15.Re7xf7 Kxf7
16.Nf3e5 Kg8
17.Ne5xg4 Bc8xg4
18.Qd1d2 f3
19.gxf3 Bg4h3
20.b3 Ra8f8
21.Bc1b2 Nf6h5
22.d7 Rf8d8
23.Qd2g5 Nh5f6
24.Nc3e4 Nb4d5
25.Ne4xf6 Kf7
26.Nf6xd5 Rd8xd7
27.Qg5xg7 Ke6
28.Nd5f4 Kd6
29.Qg7e5 
1-0

[Event "Match"]
[Site "www.echecsemail.com"]
[Date "2015.01.22"]
[Round "1"]
[White "Nestor"]
[Black "Apoorva"]
[WhiteElo "2070"]
[BlackElo "2130"]
[Result "1-0"]
[Round "1"]
1.e4 c5
2.Ng1f3 d6
3.Bf1c4 e6
4.O-O a6
5.c3 b5
6.Bc4b3 Bc8b7
7.d4 cxd4
8.Nf3xd4 Nb8c6
9.Qd1h5 Ng8f6
10.Qh5h3 Nc6xd4
11.cxd4 Bb7xe4
12.Nb1c3 Be4b7
13.Bc1g5 Bf8e7
14.Ra1c1 b4
15.Nc3e2 Ra8c8
16.Ne2f4 Rc8xc1
17.Rf1xc1 d5
18.Bb3a4 Kf8
19.Nf4d3 h6
20.Bg5h4 Nf6e4
21.Bh4xe7 Qd8xe7
22.Nd3c5 Ne4xc5
23.dxc5 g6
24.c6 Bb7c8
25.Qh3g3 e5
26.Qg3e3 Qe7d6
27.Qe3c5 Ke7
28.Qc5a7 Ke6
29.c7 Kf5
30.Rc1c6 Qd6e7
31.Qa7e3 Bc8e6
32.Qe3f3 Kg5
33.h4 Kxh4
34.Qf3g3 Kh5
35.Ba4d1 { resign }
1-0

[Event "Match"]
[Site "www.echecsemail.com"]
[Date "2015.01.22"]
[Round "1"]
[White "Pavouk"]
[Black "Reanna"]
[WhiteElo "1190"]
[BlackElo "1700"]
[Result "0-1"]
[Round "1"]
1.e4 e5
2.Ng1f3 Nb8c6
3.Bf1b5 b6
4.O-O Bc8b7
5.Rf1e1 Ng8f6
6.d3 Bf8d6
7.Re1e3 O-O
8.c3 a6
9.Bb5a4 Nf6g4
10.Re3e2 Nc6e7
11.Nf3h4 Ne7g6
 { time }
0-1

[Event "Match"]
[Site "www.echecsemail.com"]
[Date "2015.01.22"]
[Round "1"]
[White "Chapi"]
[Black "Pancon"]
[WhiteElo "1970"]
[BlackElo "1499"]
[Result "1-0"]
[Round "1"]
1.d4 Ng8f6
2.c4 g6
3.Nb1c3 Bf8g7
4.e4 d6
5.Bf1e2 O-O
6.Ng1f3 Nb8c6
7.O-O e5
8.d5 Nc6e7
9.h3 Nf6e8
10.Bc1e3 f5
11.c5 f4
12.cxd6  { time }
1-0

[Event "1/64 Finale"]
[Site "www.chess-mail.com"]
[Date "2015.01.22"]
[Round "1"]
[White "Julian"]
[Black "Madz123456"]
[WhiteElo "1980"]
[BlackElo "2410"]
[Result "1-0"]
[Round "1"]
1.e4 c5
2.Ng1f3 Nb8c6
3.c3 Ng8f6
4.d3 e5
5.Bc1g5 h6
6.Bg5h4 Bf8e7
7.Nb1d2 O-O
8.h3 d5
9.exd5 Nf6xd5
10.Bh4xe7 Qd8xe7
11.Nd2e4 f5
12.Ne4g3 Bc8e6
13.Bf1e2 e4
14.dxe4 fxe4
15.Ng3xe4 Nd5f4
16.O-O Be6xh3
17.Be2c4 Kh8
18.Rf1e1 Bh3xg2
19.Ne4d6 Qe7d7
20.Nd6f7 Rf8xf7
21.Bc4xf7 Qd7xf7
22.Nf3e5 Nc6xe5
23.Re1xe5 Qf7g6
24.Kh2 Qg6f6
25.Re5h5 Bg2c6
26.Kg3  { time }
1-0

[Event "1/128 Finale"]
[Site "www.chess-mail.com"]
[Date "2015.01.22"]
[Round "1"]
[White "Badplayer"]
[Black "Guidom"]
[WhiteElo "2190"]
[BlackElo "2040"]
[Result "1-0"]
[Round "1"]
1.e4 e5
2.Ng1f3 Nb8c6
3.Bf1b5 a6
4.Bb5a4 Ng8f6
5.d3 d6
6.c3 Bf8e7
7.O-O O-O
8.h3 h6
9.Bc1e3 b5
10.Ba4c2 Bc8e6
11.Nf3h2 d5
12.exd5 Nf6xd5
13.Rf1e1 f5
14.c4 Nd5xe3
15.fxe3 bxc4
16.a3 cxd3
17.Qd1xd3 Ra8b8
18.b4 e4
19.Qd3c3 Nc6xb4
20.Re1d1 Qd8c8
21.axb4 Be7f6
22.Rd1d4 Bf6xd4
23.Qc3xd4 Qc8b7
24.Qd4e5 Be6c4
25.Nb1d2 Qb7xb4
26.Qe5d4 Rf8d8
27.Qd4xc4 Qb4xc4
28.Nd2xc4 Rb8b4
29.Ra1a4 Rb4xa4
30.Bc2xa4 Rd8d3
31.Kf2 Kf8
32.Nh2f1 Ke7
33.Nf1d2 g5
34.g4 fxg4
35.hxg4 Rd3c3
36.Ba4c6 Ke6
37.Bc6xe4 c5
38.Be4b7 a5
39.Nc4xa5 Rc3c2
40.Ke2 Kd7
41.Bb7e4 Rc2a2
42.Na5b3 Kd6
43.Kd3 Ra2a7
44.Nd2c4 Ke7
45.Nb3xc5 Ra7c7
46.Kd4 Kf6
47.Nc4d6 Rc7a7
48.Be4f5 Ra7a6
49.Nc5xa6 { resign }
1-0

[Event "1/64 Finale"]
[Site "www.chess-mail.com"]
[Date "2015.01.22"]
[Round "1"]
[White "Chessmith19"]
[Black "Forest"]
[WhiteElo "2630"]
[BlackElo "1630"]
[Result "1-0"]
[Round "1"]
1.e4 c6
2.d4 d5
3.e5 Bc8f5
4.Ng1f3 e6
5.Bf1e2 Nb8d7
6.O-O c5
7.c4 Bf5xb1
8.Ra1xb1 a6
9.cxd5 exd5
10.Rf1e1 Bf8e7
11.Qd1b3 Nd7b6
12.dxc5 Be7xc5
13.Nf3g5 Qd8e7
14.e6 { resign }
1-0

[Event "Eq:Slap Shot Mates-Clubul Central de Sah : "]
[Site "www.chess-mail.com"]
[Date "2015.01.22"]
[Round "1"]
[White "Dorulristea"]
[Black "Hwj"]
[WhiteElo "2850"]
[BlackElo "2800"]
[Result "1-0"]
[Round "1"]
1.e4 c5
2.Ng1f3 d6
3.d4 cxd4
4.Nf3xd4 Ng8f6
5.Nb1c3 a6
6.Bc1e3 e5
7.Nd4b3 Bf8e7
8.f3 Bc8e6
9.Qd1d2 h5
10.Bf1e2 Qd8c7
11.Nc3d5 Nf6xd5
12.exd5 Be6f5
13.O-O Nb8d7
14.Ra1c1 O-O
15.Nb3a5 Ra8c8
16.c4 h4
17.b4 Nd7f6
18.Rf1d1 Rc8d8
19.b5 Qc7d7
20.bxa6 bxa6
21.Na5c6 Rd8c8
22.Be3f2 h3
23.g4 Bf5g6
24.c5 Nf6h7
25.Qd2c3 Be7g5
26.cxd6 Kh8
27.Bf2c5 Bg5xc1
28.Rd1xc1 Nh7f6
29.Nc6xe5 Qd7a4
30.Qc3d2 Nf6d7
31.Ne5xg6 fxg6
32.Rc1c4 Qa4b5
33.Bc5d4 Qb5b1
34.Kf2 Kg8
35.Qd2d3 Qb1xd3
36.Be2xd3 Rc8xc4
37.Bd3xc4 Kf7
38.Bc4xa6 Rf8b8
39.a4 Rb8b4
40.Bd4c3 Rb4xa4
41.Ba6b5 Ra4a7
42.Kg3 Nd7f6
43.Bb5c6 Ra7a3
44.Bc3e1 Ra3a1
45.Be1f2 Ra1d1
46.d7 Nf6xd7
47.Bc6xd7 Rd1xd5
48.Bd7c6 Rd5d6
49.Bc6e4 g5
50.Bf2e3 Kf6
51.Kxh3 Rd6a6
52.Kg3 Ra6a4
53.h4 gxh4
54.Kxh4 Ra4a5
55.Be3d4 Kf7
56.Be4c2 Kg8
57.g5 Ra5a8
58.f4 Ra8d8
59.Bd4g1 Rd8d7
60.Kg4 Rd7d2
61.Bc2e4 Rd2e2
62.Be4f3 Re2e1
63.Bg1d4 Re1b1
64.Kf5 { resign }
1-0

[Event "Eq:chibcha-THE KILLERS 1 : "]
[Site "www.chess-mail.com"]
[Date "2015.01.22"]
[Round "1"]
[White "Saidgermany"]
[Black "Karlgrocer"]
[WhiteElo "1960"]
[BlackElo "2030"]
[Result "1-0"]
[Round "1"]
1.e4 d6
2.d4 Ng8f6
3.Nb1c3 e6
4.f4 Bf8e7
5.Ng1f3 O-O
6.Bf1d3 Nf6d7
7.O-O c5
8.d5 e5
9.fxe5 dxe5
10.Bc1e3 b6
11.Qd1e2 a6
12.Qe2f2 Be7f6
13.a4 g6
14.Be3h6 Bf6g7
15.Bh6xg7 Kxg7
16.Qf2g3 Nd7f6
17.Nf3xe5 Nb8d7
18.Ne5c6 Qd8e8
19.e5 Nf6h5
20.Qg3g5 f6
21.exf6 Nh5xf6
22.Ra1e1 { resign }
1-0

[Event "Fast Game"]
[Site "www.echecsemail.com"]
[Date "2015.01.22"]
[Round "1"]
[White "Roqueur"]
[Black "Chessmith19"]
[WhiteElo "2219"]
[BlackElo "2140"]
[Result "1/2-1/2"]
[Round "1"]
1.e4 e5
2.Ng1f3 Nb8c6
3.Bf1b5 a6
4.Bb5a4 Ng8f6
5.O-O b5
6.Ba4b3 d6
7.Rf1e1 Bf8e7
8.c3 O-O
9.h3 Nc6a5
10.Bb3c2 c5
11.d4 cxd4
12.cxd4 Bc8b7
13.Nb1d2 exd4
14.Nf3xd4 Ra8c8
15.b4 Na5c6
16.Nd4xc6 Bb7xc6
17.Bc1b2 Nf6d7
18.Nd2f1 Be7f6
19.Bb2xf6 Qd8xf6
20.Bc2b3 Nd7e5
21.Ra1c1 h5
22.Rc1c2 h4
23.Rc2d2 Rf8d8
24.f3 Bc6d7
25.Nf1e3 Bd7e6
26.Kh1 Rc8c3
27.Bb3xe6 fxe6
28.Rd2xd6 Rc3d3
29.Rd6xd8 Qf6xd8
30.Qd1c1 Qd8d4
31.Qc1c8 Kh7
32.Qc8xe6 Qd4c3
33.Re1e2 Qc3c1
34.Kh2 Ne5g6
35.Qe6xa6 Rd3xe3
36.Re2xe3 Qc1xe3
37.Qa6xb5 Qe3f4
{ draw }
1/2-1/2

[Event "Fast Game"]
[Site "www.echecsemail.com"]
[Date "2015.01.22"]
[Round "1"]
[White "Gorgo"]
[Black "Difficult"]
[WhiteElo "1599"]
[BlackElo "1619"]
[Result "1-0"]
[Round "1"]
1.c4 g6
2.d4 Bf8g7
3.Nb1c3 d6
4.Ng1f3 Ng8f6
5.e4 O-O
6.Bf1e2 e5
7.O-O Nb8c6
8.d5 Nc6e7
9.Bc1d2 a5
10.h3 Nf6d7
11.Qd1c2 f5
12.Ra1d1 f4
13.a3 h6
14.b4 axb4
15.axb4 g5
16.Rd1a1 Ra8xa1
17.Rf1xa1 Nd7f6
18.Ra1a8 Ne7g6
19.c5 Qd8e7
20.Nc3b5 g4
21.cxd6 cxd6
22.Ra8xc8 gxf3
23.Rc8c7 Qe7d8
24.Be2xf3 Ng6h4
25.Rc7xb7 Nh4xf3
26.gxf3 { resign }
1-0

[Event "Tourn. n8014"]
[Site "www.chess-mail.com"]
[Date "2015.01.22"]
[Round "1"]
[White "Woodpusher2"]
[Black "Tenzinnima"]
[WhiteElo "2510"]
[BlackElo "2270"]
[Result "1-0"]
[Round "1"]
1.e4 c5
2.c3 e6
3.d4 d5
4.e5 Nb8c6
5.Ng1f3 Qd8b6
6.a3 Ng8e7
7.b4 cxd4
8.cxd4 Bc8d7
9.Nb1c3 Ne7f5
10.Nc3a4 Qb6c7
11.Bc1b2 Bf8e7
12.Bf1d3 O-O
13.Ra1c1 Qc7b8
14.Na4c5 Be7xc5
15.Rc1xc5 b6
16.Rc5c1 Qb8b7
17.O-O Ra8c8
18.Qd1e2 Nc6b8
19.b5 Rc8xc1
20.Rf1xc1 Rf8c8
21.Rc1xc8 Qb7xc8
22.a4 Bd7e8
23.Qe2d2 Nb8d7
24.Bb2a3 f6
25.exf6 Nd7xf6
26.Qd2b4 Be8g6
27.Nf3e5 Nf6d7
28.Ne5xd7 Qc8xd7
29.Qb4f8 
1-0

[Event "Match"]
[Site "www.echecsemail.com"]
[Date "2015.01.22"]
[Round "1"]
[White "Norbos"]
[Black "Hrob71"]
[WhiteElo "1710"]
[BlackElo "1499"]
[Result "0-1"]
[Round "1"]
1.e4 e5
2.d3 Ng8f6
3.Bf1e2 Nb8c6
4.Nb1c3 Bf8b4
5.Bc1d2 d6
6.Ng1f3 O-O
7.Nf3h4 g6
8.Nc3d5 Bb4xd2
9.Qd1xd2 Nf6xd5
10.exd5 Qd8xh4
11.g3 Qh4e7
12.dxc6 bxc6
13.Be2f3 d5
14.O-O f5
15.Ra1e1 Qe7f6
16.c4 e4
17.dxe4 fxe4
18.Bf3e2 Bc8h3
19.Be2d1 Bh3xf1
20.Re1xf1 d4
21.Bd1b3 c5
22.Bb3c2 e3
23.Qd2e2 Ra8e8
24.Kg2 exf2
25.Qe2d2 Qf6f3
26.Kh3 Re8e5
{ resign }
0-1